• 首页
  • 本馆介绍
  • 公告通知
  • 最新文献
  • 馆藏检索
  • 电子资源
  • 读者荐购
  • 参考咨询
  • CALIS
  • 我的图书馆
  • 登录
  • 详细信息显示
  • 放入我的书架
  • 预约/预借图书
  • 作者相关作品
  • 分类相关作品
  • 丛书相关作品
  • 出版社相关作品

书目信息

  • 表格格式
  • 工作单格式
  • 卡片格式
题名:
建筑工程现场验收检查原始记录填写范例与指南
    
 
作者: 曲楠 , 任晓亚 , 裴军 主编
分册:  
出版信息: 北京   中国建设科技出版社  2025.04
页数: 256页
开本: 26cm
丛书名: 建设工程资料管理与填写范例丛书
单 册:
中图分类: TU712.5-62
科图分类:
主题词: 建筑工程--jian zhu gong cheng--工程验收--建筑规范--指南
电子资源:
ISBN: 978-7-5160-3417-0
 
 
 
 
 
000 01290nam 2200277 450
001 91832
005 20250817145124.77
010    @a978-7-5160-3417-0@dCNY75.00
100    @a20250515d2025 em y0chiy50 ea
101 0  @achi
102    @aCN@b110000
105    @ak z 000yy
106    @ar
200 1  @a建筑工程现场验收检查原始记录填写范例与指南@Ajian zhu gong cheng xian chang yan shou jian cha yuan shi ji lu tian xie fan li yu zhi nan@f曲楠, 任晓亚, 裴军主编
210    @a北京@c中国建设科技出版社@d2025.04
215    @a256页@d26cm
225 2  @a建设工程资料管理与填写范例丛书@Ajian she gong cheng zi liao guan li yu tian xie fan li cong shu
330    @a本书包括原始记录基本要求、检验批划分原则、检验批容量和抽样数量要求, 以及地基与基础工程、主体结构工程、建筑装饰装修工程、屋面工程、建筑给水排水及供暖工程、通风与空调工程、建筑电气工程、智能建筑工程、建筑节能工程、电梯工程等十个分部工程检验批质量验收记录和对应原始记录的填写范例与填写说明。
410  0 @12001 @a建设工程资料管理与填写范例丛书
606 0  @a建筑工程@Ajian zhu gong cheng@x工程验收@x建筑规范@j指南
690    @aTU712.5-62@v5
701  0 @a曲楠@Aqu nan@4主编
701  0 @a任晓亚@Aren xiao ya@4主编
701  0 @a裴军@Apei jun@4主编
801  0 @aCN@c20250909
905    @a河南城建学院图书馆@dTU712.5-62@eN281@f1
    
    建筑工程现场验收检查原始记录填写范例与指南/曲楠, 任晓亚, 裴军主编.-北京:中国建设科技出版社,2025.04
    256页;26cm.-(建设工程资料管理与填写范例丛书)
    
    
    ISBN 978-7-5160-3417-0:CNY75.00
    本书包括原始记录基本要求、检验批划分原则、检验批容量和抽样数量要求, 以及地基与基础工程、主体结构工程、建筑装饰装修工程、屋面工程、建筑给水排水及供暖工程、通风与空调工程、建筑电气工程、智能建筑工程、建筑节能工程、电梯工程等十个分部工程检验批质量验收记录和对应原始记录的填写范例与填写说明。
●
相关链接 在E读中查询图书 在当当中查询图书 在豆瓣中查询图书


正题名:建筑工程现场验收检查原始记录填写范例与指     索取号:TU712.5-62/N281         预约/预借

序号 登录号 条形码 馆藏地/架位号 状态 备注
1 1625796   216257967   建筑库201/201建筑库 25排2列1层/ [索取号:TU712.5-62/N281] 在馆    
河南城建学院图书馆 欢迎您!
大连网信软件有限公司© 版权所有